Sculpture by Anna Hyatt Huntington (Record no. 6137)

MARC details
000 -CABECERA
campo de control de longitud fija 00879nam a2200241 a 4500
001 - NÚMERO DE CONTROL
campo de control BRCA_6453
005 - FECHA Y HORA DE LA ÚLTIMA TRANSACCIÓN
campo de control 20190320205447.0
008 - DATOS DE LONGITUD FIJA--INFORMACIÓN GENERAL
campo de control de longitud fija 091208s1958----nyua---###---#000-0#eng-#
050 #4 - SIGNATURA TOPOGRÁFICA DE LA BIBLIOTECA DEL CONGRESO
Número de clasificación NB237
Número de documento/Ítem .S38 2 1958
245 10 - MENCIÓN DE TÍTULO
Título Sculpture by Anna Hyatt Huntington
Mención de responsabilidad, etc. Hispanic Society of America.
260 ## - PUBLICACIÓN, DISTRIBUCIÓN, ETC.
Lugar de publicación, distribución, etc. Nuva York
Nombre del editor, distribuidor, etc. The Society
Fecha de publicación, distribución, etc. 1958
300 ## - DESCRIPCIÓN FÍSICA
Extensión [24] p.
Otras características físicas il.
Dimensiones 23 cm.
500 ## - NOTA GENERAL
Nota general Catálogo de la exposición realizada en the Hispanic Society of America (New York), 15 de octubre, 1957 - 15 marzo, 1958
500 ## - NOTA GENERAL
Nota general Ejemplar igual a: AA18
500 ## - NOTA GENERAL
Nota general M56
600 14 - PUNTO DE ACCESO ADICIONAL DE MATERIA--NOMBRE DE PERSONA
Nombre de persona Huntington, Ana Vaught (Hyatt)
9 (RLIN) 7896
650 14 - PUNTO DE ACCESO ADICIONAL DE MATERIA--TÉRMINO DE MATERIA
Término de materia o nombre geográfico como elemento de entrada Escultores estadounidenses
Subdivisión general Exposiciones
9 (RLIN) 7897
650 14 - PUNTO DE ACCESO ADICIONAL DE MATERIA--TÉRMINO DE MATERIA
Término de materia o nombre geográfico como elemento de entrada Galerías y museos
Subdivisión geográfica Estados Unidos
9 (RLIN) 7437
650 14 - PUNTO DE ACCESO ADICIONAL DE MATERIA--TÉRMINO DE MATERIA
Término de materia o nombre geográfico como elemento de entrada Escultura estadounidense
Subdivisión general Exposiciones
9 (RLIN) 7898
700 1# - PUNTO DE ACCESO ADICIONAL--NOMBRE DE PERSONA
Nombre de persona Hispanic Society of America
9 (RLIN) 7899
902 ## - CATALOGADOR
Iniciales GFM
942 ## - ELEMENTOS DE PUNTO DE ACCESO ADICIONAL (KOHA)
Fuente del sistema de clasificación o colocación Library of Congress Classification
Tipo de ítem Koha Libros
Holdings
Estado de retiro Estado de pérdida Estado dañado No para préstamo Localización permanente Ubicación/localización actual Fecha de adquisición Número de inventario Total de préstamos Signatura topográfica completa Código de barras Fecha visto por última vez Precio válido a partir de Tipo de ítem Koha
El ejemplar forma parte de la colección y puede ser consultado según las políticas vigentes.       Biblioteca del Museo Franz Mayer (Rogerio Casas-Alatriste) Biblioteca del Museo Franz Mayer (Rogerio Casas-Alatriste) 24/09/2011 M56   NB237 .S38 2 1958 (M56) 6900 22/03/2019 22/03/2019 Libros